000 00572nam a2200229 a 4500
003 AR-BaBNM
005 20251128203445.0
008 082120s2002 ||||||||||||||000 | spa||
040 _cAR-BaBNM
245 0 0 _aCuentos y cuentas
260 _aBuenos Aires
_bAtlántida
_c1979
300 _a22 p.
_bil., láms.
650 4 _aLITERATURA INFANTIL
650 4 _aLIBROS PARA NINOS
650 4 _aENSEÑANZA DE LA LECTURA
650 4 _aNUMEROS
653 _aPOESIA INFANTIL
655 _aLITERATURA
700 1 _aSeiden, Art
_eilustrador
942 _cBK
998 _cLAURA
999 _c3470
_d3470